Seinfeld Character by Last Line Quiz Stats

Quiz Updated Dec 10, 2015

Also try: Seinfeldisms
Challenge
Share
Tweet
Embed
Score 0/16 Timer 08:00
2 Plays Today
Quote Character % Correct
Haven't we had this conversation before? I think we have.George Costanza
91.2%
Cause you only get one call. The prison call is like the king of calls.Elaine Benes
88.4%
Alright, hey you've been great! See you in the cafeteria.Jerry Seinfeld
88.1%
I got it - it's out! How about that, huh? Oh, boy, what a relief.Cosmo Kramer
87.3%
...When an evil wind will blow through your little playworld, and wipe that smug smile off your face. And I'll be there, in all my glory, watching as it all comes crumbling down.Newman
59.6%
We gotta get out of here. We want to beat the traffic.Frank Costanza
59.3%
Moors.Bubble Boy
58.7%
Send them all away! Lock them up forever! They are not human. Very bad! Very, very, very bad!Babu Bhatt
51.1%
Quote Character % Correct
To see who could go the longest without gratifying themselves. It was horrible, horrible!Marla Penny
50.1%
He killed our daughter! He knew those envelopes were toxic!Mrs. Ross
45.5%
Oh, and by the way, they're real, and they're spectacular.Jackie Chiles
45.3%
Well, maybe there's something I can do for you. You know.Estelle Costanza
30.4%
Come on Jackie, lets go.Sidra
28.3%
What did you say?!Yev Kassem
18.3%
So bring a snack-pack.Morty Seinfeld
15.9%
He was a communist. Thick as they come. Like a big juicy steak.George Steinbrenner
15.8%

You're not logged in!

Compare scores with friends on all Sporcle quizzes.
Join for Free
OR
Log In

You Might Also Like...

Show Comments

Extras

Top Quizzes Today


Score Distribution

Your Account Isn't Verified!

In order to create a playlist on Sporcle, you need to verify the email address you used during registration. Go to your Sporcle Settings to finish the process.

Report this User

Report this user for behavior that violates our Community Guidelines.

Details: